[Event "Vojvodina op 8th"]
[Site "Novi Sad"]
[Date "2017.07.23"]
[Round "9"]
[White "Yordanov, Lachezar"]
[Black "Kacar, Darko"]
[Result "1-0"]
[WhiteElo "2246"]
[BlackElo "2148"]
[PlyCount "107"]
[EventDate "2017.07.16"]
[EventType "swiss"]
[EventRounds "9"]
[EventCountry "SRB"]
[SourceTitle "EXT 2018"]
[Source "ChessBase"]
[SourceDate "2017.10.13"]
[SourceVersion "1"]
[SourceVersionDate "2017.10.13"]
[SourceQuality "1"]

1. b3 d5 2. Bb2 Bf5 3. e3 e6 4. Nf3 h6 5. c4 Nf6 6. Nc3 Be7 7. d4 0-0 8. Bd3 Bxd3 9. Qxd3 Bb4 10. 0-0 Bxc3 11. Bxc3 c6 12. Nd2 Nbd7 13. e4 dxe4 14. Nxe4 Nxe4 15. Qxe4 Nf6 16. Qe3 a5 17. a4 b5 18. Qf3 b4 19. Bb2 Rc8 20. Rad1 Qd6 21. Rfe1 Rfd8 22. Bc1 Nd7 23. Bf4 Qe7 24. Qg3 Nf6 25. Bxh6 Nh5 26. Qg4 Qf6 27. Qxh5 gxh6 28. Qxa5 Rxd4 29. Rxd4 Qxd4 30. Qxb4 c5 31. Qb7 Rd8 32. h3 Qc3 33. Re3 Qa1+ 34. Kh2 Qd4 35. Qe4 Qxe4 36. Rxe4 Rd3 37. Re3 Rd2 38. Re5 Rd3 39. Rxc5 Rxb3 40. Rb5 Ra3 41. a5 Kf8 42. c5 Ke7 43. Rb7+ Kf6 44. Rb5 Ke5 45. c6+ Kd6 46. Rb7 f5 47. c7 Kd7 48. c8Q+ Kxc8 49. Re7 Rxa5 50. Rxe6 Kd7 51. Rxh6 Ke7 52. Rh5 Ke6 53. g4 Ra2 54. Rxf5 1-0

[Event "Vojvodina op 8th"]
[Site "Novi Sad"]
[Date "2017.07.17"]
[Round "2"]
[White "Kacar, Darko"]
[Black "Hjelmaas, Lars"]
[Result "0-1"]
[WhiteElo "2148"]
[BlackElo "2261"]
[PlyCount "126"]
[EventDate "2017.07.16"]
[EventType "swiss"]
[EventRounds "9"]
[EventCountry "SRB"]
[SourceTitle "EXT 2018"]
[Source "ChessBase"]
[SourceDate "2017.10.13"]
[SourceVersion "1"]
[SourceVersionDate "2017.10.13"]
[SourceQuality "1"]

1. e4 e6 2. d4 d5 3. e5 c5 4. c3 Nc6 5. Nf3 Qb6 6. a3 c4 7. g3 Bd7 8. Nbd2 Na5 9. Bg2 Ne7 10. 0-0 Qc7 11. Ne1 h5 12. h4 0-0-0 13. Ndf3 Nb3 14. Rb1 Ba4 15. Ng5 Nf5 16. Bf4 Qd7 17. Qe2 Re8 18. Nc2 f6 19. Nf3 Be7 20. Ne3 Nxe3 21. Qxe3 f5 22. Bg5 Na5 23. Rbc1 Nb3 24. Rce1 Na5 25. Re2 Nc6 26. Bxe7 Qxe7 27. Ng5 Bb3 28. f4 Nd8 29. Rd2 Nf7 30. Nf3 Qc7 31. Ne1 Kd7 32. Bf3 g6 33. Qe2 Ke7 34. Ng2 Qc6 35. Ne3 Nh6 36. Qg2 Rd8 37. Re1 b5 38. Rde2 a5 39. Ra1 Rd7 40. Ree1 Ng4 41. Qd2 Nxe3 42. Rxe3 Ra8 43. Ree1 Rda7 44. Qe2 b4 45. axb4 axb4 46. Rxa7+ Rxa7 47. Qf1 Qa8 48. Qg2 Ra1 49. Qf2 Qa2 50. Bxd5 exd5 51. e6 bxc3 52. bxc3 Qxf2+ 53. Kxf2 Rxe1 54. Kxe1 Kxe6 55. Kd2 Kd6 56. Kc1 Kc6 57. Kb2 Kb5 58. Kb1 Ka4 59. Kb2 Bd1 60. Ka2 Bf3 61. Kb2 Be4 62. Ka2 Bd3 63. Kb2 Bb1 0-1